000 00285nam a22001337a 4500
008 171017b xxu||||| |||| 00| 0 eng d
020 _a9780375407659
041 _aeng
080 _a33
100 _a52
101 _aECO
245 _aBUTTERFLY ECONOMICS
_cPAUL.O
942 _2udc
_cBK
999 _c34340
_d34340